Where does Iceland export Raw Aluminium to? - Statistics

General Stats
  • This quiz has been taken 42 times
  • The average score is 11 of 14
Answer Stats
Countries Percentage % Correct
Germany 18%
100%
United States 0.20%
100%
Denmark 0.21%
94%
Spain 11%
94%
United Kingdom 5.5%
94%
Netherlands 47%
91%
France 4.4%
89%
Poland 6.6%
89%
Belgium-Luxembourg 3.1%
83%
Portugal 0.56%
83%
Czechia 2.4%
60%
Switzerland 0.24%
60%
Slovakia 0.18%
57%
Australia 0.59%
51%
No matching quizzes found
Score Distribution
Percent of People with Each Score
Percentile by Number Answered
Your Score History
You have not taken this quiz